000 00534nam a2200157 i 4500
001 62559
003 ES-MaACL
005 20230906164705.0
007 t|
008 031124s1961 sp ||||1| spa d
100 1 _aFernández Galar, Alberto.
_949796
245 1 0 _aSobre la libertad y la autenticidad
_b: conferencia pronunciada en Villagarcía de Arosa el 17 de marzo de 1961 /
_cAlberto Fernández Galar.
260 _a[Madrid :
_bs.n.,
_c1961] (
_fGráf. Osca)
300 _a9 p. ;
_c24 cm.
852 _aES-MaACL
_j2027-F-7
_bR.47677
999 _c62559
_d62559